000 00397cam a22001217a 4500
008 180718b1965 xxu||||| |||| 00| 0 eng d
082 _aA81x54 In2/61/Vol 3/Pt 6-13
100 _aCensus of India 1961
245 _aAssam: village survey monographs, Modym-mai
260 _aDelhi
_bThe Manager of Publications
_c1965
300 _a97+p.
440 _aCensus of India 1961. Volume III, Assam. Part VI-13
999 _c483920
_d483920